[Event "SVK-ch U20"]
[Site "Dudince"]
[Date "2023.04.21"]
[Round "7"]
[White "Cerven, Matus"]
[Black "Rerko, Samuel"]
[Result "1/2-1/2"]
[WhiteElo "1122"]
[BlackElo "1125"]
[PlyCount "75"]
[EventDate "2023.04.16"]
[EventType "tourn"]
[EventRounds "9"]
[EventCountry "SVK"]
[SourceTitle "CBM 213 Extra"]
[Source "ChessBase"]
[SourceDate "2023.05.31"]
[SourceVersion "1"]
[SourceVersionDate "2023.05.31"]
[SourceQuality "1"]

1. e4 c5 2. Nf3 Nc6 3. Bc4 e6 4. Nc3 a6 5. a3 b5 6. Ba2 g6 7. d3 Bg7 8. Ne2 d5 9. exd5 exd5 10. 0-0 Nge7 11. c3 0-0 12. Bf4 Bg4 13. Ng3 d4 14. h3 Bxf3 15. Qxf3 dxc3 16. bxc3 Bxc3 17. Rac1 Be5 18. Rxc5 Bxf4 19. Qxf4 Qxd3 20. Qc1 Nd4 21. Re1 Nef5 22. Rc3 Nxg3 23. Rxd3 Nge2+ 24. Kh2 Nxc1 25. Rxc1 Nf5 26. g4 Nh6 27. Kg3 Kg7 28. Kf4 Ra7 29. Rc6 f5 30. g5 Nf7 31. h4 Re8 32. f3 Ne5 33. Re3 Nxc6 34. Rxe8 h6 35. gxh6+ Kxh6 36. Rh8+ Rh7 37. Rc8 Na7 38. Rd8 1/2-1/2